Assessment of Solvency and Capital Adequacy of Insurance Companies on the Slovak Insurance Market in 2022

Na minha lista:
Detalhes bibliográficos
Autor principal: Sakálová, Katarína, 1955-
Formato: Capítulo de Livro
Idioma:inglês
Assuntos:
Tags: Adicionar Tag
Sem tags, seja o primeiro a adicionar uma tag!

MARC

LEADER 00000naa$a2200000$$$4500
001 0305699
005 20250530090706.1
041 0 |a eng 
044 |a SK 
245 1 0 |a Assessment of Solvency and Capital Adequacy of Insurance Companies on the Slovak Insurance Market in 2022  |c Katarína Sakálová 
500 |a Abstrakt 
610 2 0 |a poistenie 
610 2 0 |a solventnosť 
610 2 0 |a kapitál 
100 1 |a Sakálová, Katarína, 1955-